00518nam a2200193 a 4500001001300000003000900013005001700022008004100039020001000080082001500090100002600105245005900131260003700190300000900227500003500236505001600271650001100287700002600298nice12345678IN_TiNIC20260116012102.0050524s1937 lona grp 000 0 eng  ac10000a223.2bWEA aWeatherhead, Leslie D aShepherd Remembersb a Devotional Study of 23rd Psalm. aLondonbHodder & Stoughtonc1937 a224p aincludes index and biblioraphy2 aQuestionary aPsalms1 aWeatherhead, Leslie D